00771nam a2200253 a 4500001001300000003000900013005001700022008004100039020002300080082001500103100001900118245006700137260003500204300000900239500003500248505001700283650002500300650002500325700001900350902000800369942000700377952011600384999001700500nice12345678IN_TiNIC20260116014704.0100412s1996 illa grp 000 0 eng  a9780842352529c79500a253.5bMCM aMcminn, R Mark aPsychology, Theology, and Spirituality in Christian Counseling aIllinoisbTyndale House c1996 a313p aincludes index and biblioraphy2 abibliography aCounselling-Pastoral aPsychology-Religious1 aMcminn, R Mark bSRS cBK 001040708StackRoom-aHMIbHMId2010-04-13g795.00l0o253.5 MCMp023266r2010-04-13v795.00w2010-04-12yBK c16478d16478